ბათუმის შოთა რუსთაველის სახელმწიფო უნივერსიტეტის ბიბლიოთეკა

იყო ერთხელ ომი (ბიბ.ჩანაწერი № 43149)

000 -LEADER
fixed length control field 00788nam a2200229Ia 4500
001 - CONTROL NUMBER
control field 9870
003 - CONTROL NUMBER IDENTIFIER
control field GE_BSU
008 - FIXED-LENGTH DATA ELEMENTS--GENERAL INFORMATION
fixed length control field 181216s||||||||xx |||||||||||||| ||und||
040 ## - CATALOGING SOURCE
Transcribing agency GE_BSU
080 ## - UNIVERSAL DECIMAL CLASSIFICATION NUMBER
Universal Decimal Classification number 821.353.1–32
100 ## - MAIN ENTRY--PERSONAL NAME
Personal name ნატროშვილი,გიორგი
245 ## - TITLE STATEMENT
Title იყო ერთხელ ომი
245 ## - TITLE STATEMENT
Remainder of title მოთხრობები
245 ## - TITLE STATEMENT
Statement of responsibility, etc. სარედ. კოლ.გ.გოგიჩაიშვილი. თ.დონჟაშვილი. მ. ლებანიძე
260 ## - PUBLICATION, DISTRIBUTION, ETC.
Place of publication, distribution, etc. თბილისი
260 ## - PUBLICATION, DISTRIBUTION, ETC.
Name of publisher, distributor, etc. მერანი
260 ## - PUBLICATION, DISTRIBUTION, ETC.
Date of publication, distribution, etc. 1976
300 ## - PHYSICAL DESCRIPTION
Extent 81გვ.1ფ.პორტრ.19სმ.
653 ## - INDEX TERM--UNCONTROLLED
Uncontrolled term იყო ერთხელ ომი
653 ## - INDEX TERM--UNCONTROLLED
Uncontrolled term მოთხრობები
942 ## - ADDED ENTRY ELEMENTS (KOHA)
Koha item type წიგნი
ეგზემპლარები
Withdrawn status Lost status Damaged status Not for loan Date acquired Barcode Date last seen Price effective from Koha item type
        2018-12-17 32855 2018-12-17 2018-12-17 წიგნი
        2018-12-17 32856 2018-12-17 2018-12-17 წიგნი